Congreso FSLN: lo que está en juego /

Guardado en:
Bibliografiske detaljer
Hovedforfatter: Núñez Soto, Orlando
Format: Texto
Fag:
Tags: Tilføj Tag
Ingen Tags, Vær først til at tagge denne postø!

MARC

LEADER 00000 a a2200000 04500
001 7076
003
040
100 |a Núñez Soto, Orlando  
245 |a Congreso FSLN:   |b lo que está en juego /  |c Orlando Núñez Soto 
650 |a PARLAMENTO  
650 |a DEMOCRACIA  
650 |a ELECCIONES  
650 |a PARTIDOS POLITICOS  
773 |g volumen 13, número 148; páginas 21-23  
999 |c 40091  |d 40091